00510nam a2200193 a 4500001001300000003000900013005001700022008004100039020002300080082001700103100002500120245003800145260003900183300000900222500003500231505001000266650001500276700002500291nice12345678IN_TiNIC20260116012253.0050524s1980 lona grp 000 0 eng  a0710012 c10000a297.86bKHA1 aKhan, Mohd Zafrullah aIslam, Its Meaning for Modern Man aLondonbRoutledge and Kegan c1980 a216p aincludes index and biblioraphy2 aNotes aAhmadiyyah1 aKhan, Mohd Zafrullah